| 000 | 00535nam a22001937a 4500 | ||
|---|---|---|---|
| 005 | 20260119110404.0 | ||
| 008 | 260119b |||||||| |||| 00| 0 eng d | ||
| 020 | _a9780137654765 | ||
| 050 |
_aQA 276.12 .L48 2022 _bC.1 |
||
| 100 | _aLevine, David M. | ||
| 245 | _aEven You Can Learn Statistics and Analytics | ||
| 250 | _a4th Edition | ||
| 260 |
_aBoston _bPearson _c2022 |
||
| 300 | _axv, 373p.: ill. | ||
| 500 | _aIncludes index | ||
| 650 | _a1. Statistics. 2. Analytics. | ||
| 700 | _aStephan, David F. | ||
| 942 |
_2lcc _cBK |
||
| 999 |
_c216478 _d216478 |
||